Biologická léčba v revmatologii

Bibliographic Details
Main Author: Olejárová, Marta (Author)
Format: Book
Language:Czech
PhysicalDescription:151 s. ilustr. 21 cm
Published: Praha Mladá fronta 2010
ISBN:9788020422811
Edition:1. vyd.
Series:Aeskulap
Subjects:

MARC

LEADER 00000nam a2200000 a 4500
001 vtls010559581
003 SK-MaSNL
005 20260301034349.0
008 240314s2010 xr a f 001 0 cze
020 |a 9788020422811  |q (viaz.) 
040 |a SNK  |b slo  |c SNK  |e AACR2 
041 0 |a cze 
044 |a xr  |c CZ 
072 7 |a 616  |x Patológia. Klinická medicína  |2 konspekt 
080 |a 616-002.77  |2 2001 
080 |a 616-08:615.37  |2 2001 
080 |a (035)  |2 2001 
100 1 |a Olejárová, Marta  |4 aut  |9 335106 
245 1 0 |a Biologická léčba v revmatologii  |c Marta Olejárová 
250 |a 1. vyd. 
260 |a Praha  |b Mladá fronta  |c 2010 
300 |a 151 s.  |b ilustr.  |c 21 cm 
490 1 |a Aeskulap 
650 0 7 |a reumatické choroby  |2 SNKPH  |9 28266 
650 0 7 |a imunoterapia  |2 SNKPH  |9 14283 
650 0 7 |a Rheumatic diseases  |2 SNKPHeng  |9 335107 
650 0 7 |a Immunotherapy  |2 SNKPHeng  |9 275947 
655 7 |a príručky  |2 SNKPH  |9 74364 
655 7 |a Handbooks, manuals, etc.  |2 SNKPHeng  |9 90964 
830 0 |a Aeskulap  |9 335108 
919 |a 978-80-204-2281-1 
999 |c 581739  |d 583669 
952 |t snkOLE 616.72  |a SNKUST  |b SNKUST  |y PREZ  |7 0  |p 17A0810214  |o snkIC 140950  |i snk2013/28309  |8 3  |g 6.15  |0 0  |1 0  |4 0  |d 2013-11-20  |l 0  |r 2025-04-29 00:00:00  |w 2026-02-23